00742nam a2200205 a 450000100100000000500170001000800410002702000150006804000250008308200180010810000380012624501560016426000670032030000260038749000180041365000240043165000260045570000350048183000200051600001929220200929165956.0100531s1993 sp a 000 0 spa d a8478201483 aDO-SdBNPbspacBNPHU a861.44bG633a1 aGómez, Julio Antoniod1933-198810aAl oeste del la Kivú, los gorilas se suicidaban en manadas mumerosísimas /cJulio Antonio Gómez ; edición y prólogo Antonio Pérez Lasheras. aZaragoza, España :bInstituto Fernando el Católico,c1993. a67 p. :bil. ;c1993.1 aSan Jorgev66 4aPoesía española 4aLiteratura española1 aPérez lasheras, Antonioeed. 0aSan Jorge ;v66